000 04409nam a2200373Ia 4500
005 20180125121947.0
008 130821s1692 sp gr lat
040 _aCo-BoUCM
_bspa
_cSandra Yazo (modificó)
_dSandra Yazo (modificó)
041 0 _alat
082 0 4 _a185
_220
092 _aE21N083
110 2 _aColegio de Santo Tomás (Alcalá de Henares)
_990971
242 0 0 _aCuestiones sobre los ocho libros aristotélicos de la Física. Colegio de Santo Tomás, Alcalá de Henares
_yspa
245 1 0 _aCollegii Sancti Thomae Complutensis in octo libros Physicorum Aristotelis quaestiones
246 1 3 _aCuestiones sobre los ocho libros aristotélicos de la Física. Colegio de Santo Tomás, Alcalá de Henares.
250 _aSecunda editio [2a ed.]
260 _aAlcalá de Henares (Madrid, España)
_btypis Iuliani Garcia Briones [Julián García Briones]
_c1692
300 _a[6], 623, [4] páginas
500 _aDetalles físicos: Encuadernación flexible en pergamino, piel manchada y arrugada, deteriorada en bordes. Ejemplar desencuadernado. Guardas rotas y despegadas. Faltan las primeras hojas incluida la portada. Privilegio (Madrid, 1714). Licencias. Erratas. Tasación. Mayúsculas capitales, remates y cenefas elementales. Texto regularmente impreso, en dos columnas, sobre papel de escasa calidad Márgenes reducidos. Signaturas. Reclamos. Papel con muchas manchas. Evidentemente, un libro muy manejado. Varias hojas sueltas. Ejemplar en regular estado de conservación. Varias anotaciones en guarda delantera: "Es del Colegio Mayor de Nuestra Señora del Rosario del Real Patronato de la ciudad de Santa Fe de Bogotá. Año de 1759. Por donación ... (Más abajo) cariñoso" otra anotación "Logró Aristóteles ser feliz tirano de los entendimientos, como Alejandro, su discípulo, de las Provincias". Ej.2 con nota de desinfección AGN 22 - ene - 2018
500 _aOtros detalles (Copia 2): Ejemplar en regular estado de conservación, encuadernación en pergamino, no tiene portada conserva algunas páginas preliminares rotas y en mal estado Permisos. Privilegio (Madrid, 1691). Licencias. Erratas. Tasación. Mayúsculas capitales, remates y cenefas elementales. Gran deterioro en tapa posterior que afecta ultimas hojas. En la guarda anotación en latín "Pertenece al Doctor Don Agustín Manuel de Alarcón y Castro, Moderador de la Cátedra de Filosofía en este Colegio Mayor de Nuestra Señora del Rosario. Año del Señor de 1760".
500 _aTítulo y datos de publicación tomados de la Suma de la tassa y confirmados en la edición en línea.
505 0 _aCuestiones introductorias. ; Sobre la filosofía de la naturaleza. ; Si es el ente móvil es objeto de la filosofía. ; Si la filosofía de la naturaleza es verdadera ciencia. ; Los principios del ente natural. ; Los primeros principios. ; La materia prima. ; Si la materia prima puede existir sin estar formada. ; Unidad de la materia prima. ; La forma sustancial. ; Si el alma raciona es "educida" de la potencia de la materia. ; Las formas accidentales. ; La unión de materia y forma. ; El compuesto natural. ; Esencia. ; Subsistencia. ; Existencia. ; Los principios extrínsecos del ser natural. ; El movimiento. ; La medida del movimiento. ; Unidad y contrariedad en el movimiento. ; Las "partes" del movimiento. ; Subordinación de los movimientos a un Primer Motor. ; Cualidades del Primer Motor.
506 _aConsulta en sala.
520 _aComentarios a los libros de la Física de Aristóteles
546 _aTexto en latín
600 1 _aAristóteles
_d384-322 a. C.
_xCrítica e interpretación, etc.
_944242
650 0 4 _aAristotelismo
_xObras anteriores a 1800
_935388
650 0 4 _aEscolasticismo
_ySiglo XVIII
_xObras anteriores a 1800
_914772
650 0 4 _aFilosofía aristotélica
_xObras anteriores a 1800
_915732
650 0 4 _aFilosofía
_975
650 0 4 _aFísica
_xObras anteriores a 1800
_915907
856 4 1 _zDisponible en línea
_uhttp://books.google.com.co/books?id=3aRz-QjdKwUC&printsec=frontcover&dq=Collegii+Sancti+Thomae+Complutensis+in+octo+libros+Physicorum+Aristotelis+quaestiones&source=bl&ots=B7FQeCE0ND&sig=fIEkwNEsCBGZ8ol960Z5S4bdPWA&hl=es&sa=X&ei=qWAtUL33HKKZyQHu0oDICA&ved=0CDAQ6AEwAA#v=onepage&q=Collegii%20Sancti%20Thomae%20Complutensis%20in%20octo%20libros%20Physicorum%20Aristotelis%20quaestiones&f=false
942 _cLIBRO
_a2
_e2
_2LOCAL
_hE21N083
999 _c38109
_d38109